Normal view
MARC view
- Dr. Khawar Khurshid
Entry Personal Name
001 - CONTROL NUMBER
- control field: 17231
003 - CONTROL NUMBER IDENTIFIER
- control field: NUST
005 - DATE AND TIME OF LATEST TRANSACTION
- control field: 20190710055555.0
008 - FIXED-LENGTH DATA ELEMENTS
- fixed length control field: 190710|| aca||aabn | a|a d
040 ## - CATALOGING SOURCE
- Original cataloging agency: NUST
- Transcribing agency: NUST
100 ## - HEADING--PERSONAL NAME
- Personal name: Dr. Khawar Khurshid
670 ## - SOURCE DATA FOUND
- Source citation: Work cat.: (NUST): Niazami, Imran Fareeq 17229, Blind image quality assessment using feature selection algorithms /, 2019.
